Normal view
MARC view
Entry Topical Term
001 - CONTROL NUMBER
- control field: 65784
003 - CONTROL NUMBER IDENTIFIER
- control field: OSt
005 - DATE AND TIME OF LATEST TRANSACTION
- control field: 20260127152707.0
008 - FIXED-LENGTH DATA ELEMENTS
- fixed length control field: 260127|| aca||aabn | a|a d
040 ## - CATALOGING SOURCE
- Original cataloging agency: OSt
- Transcribing agency: OSt
150 ## - HEADING--TOPICAL TERM
- Topical term or geographic name entry element: History
- Form subdivision: Myanmar education
- Chronological subdivision: ( 1920-1948)
670 ## - SOURCE DATA FOUND
- Source citation: Work cat.: (OSt): San San Wai 2010 4PhD(R)-Hist-19 65783, History of education in Myanmar(1920-1948), 2010.